[Event "XVIII C.to Italiano UISP A"]
[Site "Montecatini Terme ITA"]
[Date "1997.12.??"]
[Round "7"]
[White "Beggi, Pierluigi"]
[Black "Ricci, Marco"]
[Result "0-1"]
[WhiteElo "2195"]
[BlackElo "2215"]
[PlyCount "114"]
[EventDate "1997.12.04"]

1. d4 Nf6 2. c4 g6 3. Nc3 Bg7 4. e4 d6 5. Be2 O-O 6. f4 c5 7. Nf3 Bg4 8. d5 e6
9. h3 Bxf3 10. Bxf3 exd5 11. cxd5 Re8 12. O-O a6 13. a4 Nbd7 14. Qc2 Rb8 15. a5
c4 16. Be3 Rc8 17. Ra4 b5 18. axb6 Nxb6 19. Bxb6 Qxb6+ 20. Qf2 Rb8 21. Qxb6
Rxb6 22. Rxc4 Rxb2 23. Rc6 Rc2 24. e5 dxe5 25. fxe5 Nd7 26. Ne4 Rxc6 27. dxc6
Nxe5 28. Nd6 Nxf3+ 29. Rxf3 Re1+ 30. Kf2 Rc1 31. Nxf7 Rxc6 32. Ng5 Rf6 33. Ke3
Rxf3+ 34. Nxf3 Kf7 35. Ng5+ Kg8 36. Kd3 h6 37. Nf3 Kf7 38. Kc4 Bf8 39. Ne5+ Kg7
40. Nc6 Bd6 41. Kd5 Bg3 42. Kc5 Be1 43. Ne5 a5 44. Nd3 Bd2 45. Nb2 Kf6 46. Kd5
Kf5 47. Kd6 Kf4 48. Ke6 Kg3 49. Kf7 g5 50. Kg6 Kxg2 51. Nc4 Bf4 52. Nxa5 Kxh3
53. Nb3 g4 54. Nd4 g3 55. Ne2 Be3 56. Kh5 g2 57. Kg6 Kg4 0-1

[Event "XVIII C.to Italiano UISP A"]
[Site "Montecatini Terme ITA"]
[Date "1997.12.??"]
[Round "7"]
[White "Bini, Lorenzo"]
[Black "Zucconi, Leandro"]
[Result "1/2-1/2"]
[WhiteElo "2135"]
[BlackElo "2140"]
[PlyCount "55"]
[EventDate "1997.12.04"]

1. b3 c5 2. g3 Nc6 3. Bg2 Nf6 4. Bb2 e6 5. Nf3 d5 6. O-O Be7 7. d4 O-O 8. Nbd2
cxd4 9. Nxd4 Nxd4 10. Bxd4 b6 11. Nc4 Bb7 12. Ne5 Rc8 13. c4 Rc7 14. e3 dxc4
15. Bxb7 Rxb7 16. Nxc4 Qd5 17. Be5 Rd7 18. Qxd5 Rxd5 19. Rad1 Rfd8 20. Rxd5
Rxd5 21. Bd4 Nd7 22. f4 g6 23. Rf2 Nc5 24. Rc2 Ne4 25. Kg2 Bc5 26. Bxc5 Rxc5
27. Kf3 Nd6 28. Na3 1/2-1/2

[Event "XVIII C.to Italiano UISP A"]
[Site "Montecatini Terme ITA"]
[Date "1997.12.??"]
[Round "7"]
[White "Caruso, Augusto"]
[Black "Stefanelli, Luca"]
[Result "1/2-1/2"]
[WhiteElo "2265"]
[BlackElo "2270"]
[PlyCount "56"]
[EventDate "1997.12.04"]

1. e4 c5 2. Nf3 Nc6 3. d4 cxd4 4. Nxd4 Nf6 5. Nc3 e5 6. Ndb5 d6 7. Bg5 a6 8.
Na3 b5 9. Nd5 Be7 10. Nxe7 Nxe7 11. f3 d5 12. exd5 Qxd5 13. c4 bxc4 14. Nxc4
O-O 15. Qxd5 Nexd5 16. Be2 h6 17. Bd2 Nf4 18. Bxf4 exf4 19. O-O Be6 20. Rfd1
Nd5 21. Rd4 Rac8 22. b3 g5 23. Re1 Nc3 24. Bf1 Nxa2 25. Re5 Rfd8 26. Nd6 Bxb3
27. Nxc8 Rxd4 28. Bxa6 Nc3 1/2-1/2

[Event "XVIII C.to Italiano UISP A"]
[Site "Montecatini Terme ITA"]
[Date "1997.12.??"]
[Round "7"]
[White "Casadei, Mauro"]
[Black "Ottavi, Marco"]
[Result "1/2-1/2"]
[WhiteElo "2130"]
[BlackElo "1945"]
[PlyCount "102"]
[EventDate "1997.12.04"]

1. d4 c5 2. d5 Nf6 3. c4 Ne4 4. Qc2 Qa5+ 5. Nc3 Nxc3 6. Bd2 e5 7. dxe6 dxe6 8.
Bxc3 Qc7 9. e3 e5 10. Nf3 Nc6 11. Rd1 Bd6 12. Rd5 Be6 13. Ng5 Bxd5 14. cxd5 Ne7
15. Bb5+ Kf8 16. Qe4 h6 17. Nf3 f5 18. Qh4 Nxd5 19. Bc4 Nxc3 20. Ng5 Qe7 21.
Ne6+ Ke8 22. Qh5+ Kd7 23. Qxf5 b5 24. Nxg7+ Kc6 25. bxc3 bxc4 26. Qe4+ Kc7 27.
Nf5 Qe6 28. O-O Rab8 29. Rd1 Rb6 30. Ng7 Qf7 31. Nf5 h5 32. f3 Qg6 33. Nxd6
Rxd6 34. Qxe5 Rhd8 35. Qxc5+ Kb8 36. Qb5+ Ka8 37. Rxd6 Qxd6 38. Qxc4 Qd1+ 39.
Kf2 Qd2+ 40. Kg3 Qd6+ 41. Kf2 Qg6 42. a3 h4 43. f4 Qc2+ 44. Kf3 Qd1+ 45. Qe2
Qb3 46. Qa6 Qxc3 47. Qa4 Qd3 48. Qc6+ Kb8 49. a4 Qd1+ 50. Ke4 Qd3+ 51. Kf3 Qd1+
1/2-1/2

[Event "XVIII C.to Italiano UISP A"]
[Site "Montecatini Terme ITA"]
[Date "1997.12.??"]
[Round "7"]
[White "Ceccatelli, Claudio"]
[Black "Patavia, Antonio"]
[Result "1-0"]
[WhiteElo "1723"]
[BlackElo "2090"]
[PlyCount "77"]
[EventDate "1997.12.04"]

1. d4 Nf6 2. Nf3 g6 3. e3 Bg7 4. Bd3 d6 5. Nbd2 c5 6. c3 O-O 7. h3 Nc6 8. O-O
a6 9. a4 Rb8 10. Qe2 Qc7 11. Re1 Nd5 12. Nf1 e5 13. Bc4 Nde7 14. dxe5 dxe5 15.
e4 Na5 16. Be3 b5 17. axb5 Nxc4 18. Qxc4 Rxb5 19. Reb1 Qb7 20. Qa4 Nc6 21. b3
Rd8 22. N1d2 Ra5 23. Qc4 Bf8 24. Rxa5 Nxa5 25. Qa4 Nc6 26. Bg5 Rd6 27. Nc4 Re6
28. Rd1 f6 29. Be3 Qc7 30. Qa3 Nd4 31. cxd4 cxd4 32. Qb2 dxe3 33. Nxe3 Rc6 34.
Nd5 Qf7 35. Rc1 Rxc1+ 36. Qxc1 Be6 37. Qc6 h6 38. Qxa6 f5 39. Nxe5 1-0

[Event "XVIII C.to Italiano UISP A"]
[Site "Montecatini Terme ITA"]
[Date "1997.12.??"]
[Round "7"]
[White "Cesarini, Lanfranco"]
[Black "Aldrovandi, Costantino"]
[Result "1/2-1/2"]
[WhiteElo "1903"]
[BlackElo "2250"]
[PlyCount "126"]
[EventDate "1997.12.04"]

1. e4 c5 2. c3 e5 3. Nf3 Nc6 4. d4 cxd4 5. cxd4 exd4 6. Nxd4 Nf6 7. Nc3 d5 8.
exd5 Nxd5 9. Nxc6 bxc6 10. Nxd5 Qxd5 11. Qxd5 cxd5 12. Bb5+ Bd7 13. Bxd7+ Kxd7
14. O-O Bc5 15. Bf4 Rhe8 16. Rfd1 d4 17. a4 Ke6 18. Rac1 Kd5 19. Kf1 Rac8 20.
Be3 Bb6 21. Rxc8 Rxc8 22. a5 Bc5 23. b4 Ke5 24. bxc5 dxe3 25. fxe3 Rc7 26. Kf2
h5 27. a6 Ke6 28. Rd6+ Ke7 29. Rb6 Kd7 30. Rb5 Kc6 31. Ra5 Rd7 32. e4 Rd3 33.
Ra2 g6 34. Rb2 Rd7 35. Ke3 Kxc5 36. e5 Re7 37. Kf4 Kc6 38. h4 Kd5 39. Rb7 Ke6
40. Ke4 Rd7 41. Rb8 Ke7 42. Rb7 Ke6 43. Rxd7 Kxd7 44. Kd5 Kc7 45. Kc5 Kd7 46.
Kd5 Kc7 47. e6 fxe6+ 48. Kxe6 Kb6 49. Kf6 Kxa6 50. Kxg6 Kb5 51. Kxh5 a5 52. g4
a4 53. g5 a3 54. g6 a2 55. g7 a1=Q 56. g8=Q Kc6 57. Kh6 Qe1 58. h5 Kd7 59. Kh7
Ke7 60. h6 Qf2 61. Qg5+ Ke8 62. Qg6+ Qf7+ 63. Qg7 Ke7 1/2-1/2

[Event "XVIII C.to Italiano UISP A"]
[Site "Montecatini Terme ITA"]
[Date "1997.12.??"]
[Round "7"]
[White "De Santis, Alessio"]
[Black "Rossi, Carlo"]
[Result "0-1"]
[WhiteElo "2185"]
[BlackElo "2355"]
[PlyCount "136"]
[EventDate "1997.12.04"]

1. d4 b5 2. e4 Bb7 3. Nd2 a6 4. a4 Nf6 5. e5 Nd5 6. Ngf3 b4 7. Nb3 e6 8. Bd3
Be7 9. O-O f5 10. exf6 Nxf6 11. c4 bxc3 12. bxc3 Nc6 13. Bd2 O-O 14. Nc5 Bxc5
15. dxc5 Qe8 16. Rb1 Rb8 17. Re1 Qh5 18. Ng5 Qxd1 19. Rbxd1 h6 20. Nf3 Na5 21.
Nd4 Ra8 22. f3 Rfe8 23. Rb1 Bd5 24. Bf4 Rac8 25. Rec1 Nc6 26. Bg3 Nxd4 27. cxd4
Bc6 28. a5 Nd5 29. Be4 Ne7 30. Bd3 Bd5 31. Be1 Rf8 32. Bc3 Rf4 33. Kf2 Bc6 34.
Be2 g5 35. h3 Nd5 36. Bc4 Nxc3 37. Rxc3 Rxd4 38. g3 Kg7 39. Ke3 e5 40. Rb2 Rd1
41. Be2 Ra1 42. f4 exf4+ 43. gxf4 Re8+ 44. Kf2 gxf4 45. Bxa6 Rxa5 46. Be2 Re5
47. Rbc2 Ra1 48. Bf3 Bxf3 49. Kxf3 Rf1+ 50. Kg2 Rd1 51. Kf3 Rd4 52. c6 d5 53.
Ra3 Kf6 54. Ra7 Re3+ 55. Kg2 Rg3+ 56. Kf1 Rg7 57. Rg2 Rd1+ 58. Ke2 Rxg2+ 59.
Kxd1 Rg7 60. Ke2 Ke5 61. Kf3 Rf7 62. h4 Kd6 63. Ra6 Kc5 64. h5 Kb5 65. Ra1 Kxc6
66. Ra6+ Kc5 67. Rxh6 d4 68. Ra6 d3 0-1

[Event "XVIII C.to Italiano UISP A"]
[Site "Montecatini Terme ITA"]
[Date "1997.12.??"]
[Round "7"]
[White "Fabiano, Giuseppe"]
[Black "Galioto, Natale"]
[Result "1-0"]
[WhiteElo "2240"]
[BlackElo "1822"]
[PlyCount "41"]
[EventDate "1997.12.04"]

1. e4 e6 2. d3 c5 3. Nf3 Nc6 4. g3 d5 5. Nbd2 Nf6 6. Bg2 Bd6 7. O-O O-O 8. Re1
Qc7 9. a3 dxe4 10. dxe4 Rd8 11. Qe2 Be7 12. e5 Nd7 13. c3 Nf8 14. Nf1 b6 15. h4
Bb7 16. N1h2 f6 17. exf6 Bxf6 18. Ng4 Qf7 19. Ng5 Bxg5 20. Bxg5 Rd7 21. Bxc6
1-0

[Event "XVIII C.to Italiano UISP A"]
[Site "Montecatini Terme ITA"]
[Date "1997.12.??"]
[Round "7"]
[White "Leoncini, Mario"]
[Black "Luciani, Valerio"]
[Result "1/2-1/2"]
[WhiteElo "2180"]
[BlackElo "2225"]
[PlyCount "42"]
[EventDate "1997.12.04"]

1. e4 e6 2. d4 d5 3. Nd2 c5 4. exd5 exd5 5. Ngf3 Nc6 6. dxc5 Bxc5 7. Nb3 Bd6 8.
c3 Nge7 9. Be2 O-O 10. O-O Qc7 11. Nbd4 a6 12. h3 Bd7 13. Bd3 Bf4 14. Qc2 g6
15. Re1 Rae8 16. Bd2 Na5 17. Re2 Nc4 18. Bxf4 Qxf4 19. Rae1 Nc6 20. Bxc4 dxc4
21. Qd2 Qxd2 1/2-1/2

[Event "XVIII C.to Italiano UISP A"]
[Site "Montecatini Terme ITA"]
[Date "1997.12.??"]
[Round "7"]
[White "Lucaroni, Massimiliano"]
[Black "Steinfl, Alessandro"]
[Result "1-0"]
[WhiteElo "2280"]
[BlackElo "2270"]
[PlyCount "57"]
[EventDate "1997.12.04"]

1. e4 c5 2. Nc3 Nc6 3. Nf3 e5 4. Bc4 Be7 5. d3 Nf6 6. Nd2 d6 7. Nf1 O-O 8. Ne3
Rb8 9. a4 a6 10. O-O Nd4 11. Ncd5 b5 12. axb5 axb5 13. Ba2 Nxd5 14. Bxd5 b4 15.
c3 Nb5 16. Bd2 bxc3 17. bxc3 Bg5 18. Qb3 Bd7 19. Rfb1 Qc7 20. Qa2 g6 21. h3 Bf4
22. Nc4 Bxd2 23. Qxd2 Kg7 24. Rb3 f5 25. exf5 Rxf5 26. Rab1 h6 27. Na3 Nxa3 28.
Rxb8 Nxb1 29. Rg8+ 1-0

[Event "XVIII C.to Italiano UISP A"]
[Site "Montecatini Terme ITA"]
[Date "1997.12.??"]
[Round "7"]
[White "Mariotti, Sergio"]
[Black "Vezzosi, Paolo"]
[Result "1/2-1/2"]
[WhiteElo "2395"]
[BlackElo "2270"]
[PlyCount "58"]
[EventDate "1997.12.04"]

1. d4 Nf6 2. c4 e6 3. Nc3 Bb4 4. Qc2 O-O 5. a3 Bxc3+ 6. Qxc3 b6 7. Bg5 Bb7 8.
f3 h6 9. Bh4 d5 10. e3 Nbd7 11. Bd3 c5 12. cxd5 cxd4 13. exd4 Bxd5 14. Ne2 Rc8
15. Qd2 Bc4 16. Bxc4 Rxc4 17. O-O Qa8 18. b3 Rc6 19. Nc3 Rfc8 20. Rac1 Qb7 21.
d5 exd5 22. Nxd5 Rxc1 23. Nxf6+ Nxf6 24. Rxc1 Rxc1+ 25. Qxc1 Nd5 26. Qc4 Qd7
27. Bf2 Nf4 28. h4 Qd1+ 29. Kh2 Qd2 1/2-1/2

[Event "XVIII C.to Italiano UISP A"]
[Site "Montecatini Terme ITA"]
[Date "1997.12.??"]
[Round "7"]
[White "Mauro, Alan"]
[Black "Bezzi, Massimo"]
[Result "0-1"]
[WhiteElo "2275"]
[BlackElo "1933"]
[PlyCount "80"]
[EventDate "1997.12.04"]

1. e4 d6 2. d4 g6 3. Nc3 Bg7 4. h4 Nf6 5. Be2 h5 6. Nh3 Bxh3 7. Rxh3 c6 8. Bg5
Qa5 9. Kf1 Nbd7 10. b4 Qb6 11. Rd3 Ng4 12. b5 e6 13. Bxg4 hxg4 14. bxc6 bxc6
15. Rb1 Qa5 16. Qxg4 Qa6 17. Kg1 Qc4 18. Qg3 e5 19. Rb7 Qe6 20. d5 cxd5 21.
Nxd5 O-O 22. Nc7 Qxa2 23. Ra3 Qxc2 24. Nxa8 Nc5 25. Rbxa7 Nxe4 26. Qf3 d5 27.
Ra1 Nxg5 28. hxg5 e4 29. Qd1 Qc6 30. R1a6 Qc3 31. Nb6 e3 32. Ra3 exf2+ 33. Kf1
Qc5 34. Nd7 Qc4+ 35. Qd3 Qc1+ 36. Kxf2 Re8 37. Ra8 Qf4+ 38. Kg1 Bd4+ 39. Kh1
Qh4+ 40. Qh3 Qe1+ 0-1

[Event "XVIII C.to Italiano UISP A"]
[Site "Montecatini Terme ITA"]
[Date "1997.12.??"]
[Round "7"]
[White "Mola, Pietro"]
[Black "Riccio, Eros"]
[Result "0-1"]
[WhiteElo "2190"]
[BlackElo "1735"]
[PlyCount "67"]
[EventDate "1997.12.04"]

1. e4 e5 2. Nf3 Nc6 3. Bc4 Bc5 4. Nc3 d6 5. d3 Nf6 6. Bg5 Na5 7. Nd5 Nxc4 8.
dxc4 Bxf2+ 9. Kxf2 Nxe4+ 10. Kf1 Nxg5 11. Nxg5 c6 12. Qh5 g6 13. Qf3 f5 14. h4
h6 15. Nh3 cxd5 16. Qxd5 Qxh4 17. Re1 Bd7 18. c5 Bb5+ 19. Re2 Bxe2+ 20. Kxe2
Qe4+ 21. Qxe4 fxe4 22. cxd6 Kd7 23. Nf2 Kxd6 24. Nxe4+ Ke7 25. Rh3 Rac8 26. c3
b6 27. Rg3 g5 28. Rd3 Rcd8 29. Rf3 Rhf8 30. Rh3 Rf4 31. Nd2 Rg4 32. g3 Rh8 33.
b3 h5 34. Kf3 0-1

[Event "XVIII C.to Italiano UISP A"]
[Site "Montecatini Terme ITA"]
[Date "1997.12.??"]
[Round "7"]
[White "Ortega, Lexy"]
[Black "Caposciutti, Maurizio"]
[Result "1-0"]
[WhiteElo "2470"]
[BlackElo "2300"]
[PlyCount "75"]
[EventDate "1997.12.04"]

1. d4 Nf6 2. Nf3 d6 3. g3 c6 4. Bg2 Nbd7 5. c4 e5 6. Nc3 Be7 7. O-O O-O 8. e4
Re8 9. h3 Bf8 10. Be3 a6 11. d5 c5 12. Nd2 g6 13. a3 Bg7 14. b4 b6 15. Rb1 Nh5
16. bxc5 bxc5 17. Qa4 Nb8 18. Nb3 f5 19. Bg5 Bf6 20. Bxf6 Nxf6 21. Na5 Bd7 22.
Nc6 fxe4 23. Nxd8 Bxa4 24. Nb7 Bc2 25. Rb2 Bd3 26. Re1 Nbd7 27. Bxe4 Nxe4 28.
Nxe4 Bxe4 29. Rxe4 Rf8 30. Nxd6 Rf6 31. Nb7 Rb8 32. Kg2 Rbf8 33. Re3 Nb6 34.
Na5 Na4 35. Rc2 e4 36. Rxe4 Nc3 37. Re1 Rf3 38. Rd2 1-0

[Event "XVIII C.to Italiano UISP A"]
[Site "Montecatini Terme ITA"]
[Date "1997.12.??"]
[Round "7"]
[White "Passerotti, Pierluigi"]
[Black "Di Vincenzi, Renato"]
[Result "1-0"]
[WhiteElo "2310"]
[BlackElo "2128"]
[PlyCount "111"]
[EventDate "1997.12.04"]

1. d4 Nf6 2. Nf3 g6 3. c4 d6 4. Nc3 Bg7 5. e4 Bg4 6. Be3 Nbd7 7. Be2 Bxf3 8.
Bxf3 O-O 9. O-O c6 10. Rc1 e5 11. Rc2 Re8 12. d5 c5 13. a3 a6 14. Be2 Qc7 15.
g4 Re7 16. Kh1 Rf8 17. Rg1 Ne8 18. Qf1 f6 19. h4 h6 20. g5 hxg5 21. h5 gxh5 22.
Bxh5 Bh6 23. f3 Rh7 24. Bg6 Rh8 25. Rh2 Kg7 26. Bf5 Kf7 27. Rg3 Bg7 28. Bh7 Nb6
29. Rgh3 Rxh7 30. Rxh7 Qd7 31. b4 cxb4 32. axb4 Nc8 33. c5 Ne7 34. Qc4 Rg8 35.
c6 Qc8 36. b5 axb5 37. Nxb5 g4 38. Na7 Qc7 39. fxg4 Kf8 40. Qb5 bxc6 41. Nxc6
Qd7 42. Rg2 Rh8 43. Rxh8+ Bxh8 44. Qc4 Ng6 45. Qf1 Kg8 46. Qf5 Nf8 47. Bh6 Bg7
48. Be3 Qxf5 49. gxf5 Kf7 50. Rb2 Nh7 51. Rb7+ Kf8 52. Nd8 Kg8 53. Ne6 Bh8 54.
Re7 Ng7 55. Bh6 Nxe6 56. dxe6 1-0

[Event "XVIII C.to Italiano UISP A"]
[Site "Montecatini Terme ITA"]
[Date "1997.12.??"]
[Round "7"]
[White "Pastorini, Mario"]
[Black "Ciotoli, Patrizio"]
[Result "1-0"]
[WhiteElo "2190"]
[BlackElo "1938"]
[PlyCount "123"]
[EventDate "1997.12.04"]

1. c4 c6 2. Nf3 d5 3. b3 e6 4. Bb2 f5 5. g3 Nf6 6. Bg2 Bd6 7. O-O O-O 8. d3 Qe7
9. Be5 Nbd7 10. Bxd6 Qxd6 11. cxd5 exd5 12. Nbd2 Ne5 13. Nxe5 Qxe5 14. e3 Be6
15. Qc2 Qd6 16. d4 Ne4 17. Nf3 Rac8 18. Rfc1 c5 19. dxc5 Rxc5 20. Qb2 Rfc8 21.
Nd4 Bd7 22. Rxc5 Qxc5 23. Ne2 Qc2 24. Qxc2 Rxc2 25. Nd4 Rc7 26. Kf1 g6 27. Ke2
Kf8 28. f3 Nc3+ 29. Kd2 Nb5 30. Nc2 a5 31. Bf1 Ke7 32. Bxb5 Bxb5 33. Rc1 Bd7
34. Nd4 Rxc1 35. Kxc1 Kd6 36. f4 Kc5 37. Kb2 a4 38. Kc3 axb3 39. axb3 Bc8 40.
h4 Bd7 41. Nf3 d4+ 42. exd4+ Kd5 43. Kd3 Be6 44. Nd2 Bd7 45. Nb1 Bb5+ 46. Ke3
Bc6 47. Nc3+ Kd6 48. Kd3 b5 49. b4 Ke6 50. d5+ Bxd5 51. Nxb5 Bg2 52. Kd4 Bf1
53. Nc3 Kd6 54. b5 h6 55. b6 Bg2 56. Nd1 Kc6 57. Ne3 Bf3 58. Nc4 Kb7 59. Kc5
Ka6 60. Ne5 Bh5 61. Kc6 g5 62. b7 1-0

[Event "XVIII C.to Italiano UISP A"]
[Site "Montecatini Terme ITA"]
[Date "1997.12.??"]
[Round "7"]
[White "Scacco, Mauro"]
[Black "Genovese, Maurizio"]
[Result "1-0"]
[WhiteElo "2045"]
[BlackElo "2285"]
[PlyCount "97"]
[EventDate "1997.12.04"]

1. e4 e5 2. Nf3 Nc6 3. Bb5 Bb4 4. O-O Nge7 5. c3 Ba5 6. b4 Bb6 7. a4 a6 8. Bc4
O-O 9. Na3 d6 10. Bb3 Ng6 11. d3 h6 12. Nc4 Ba7 13. Be3 Nf4 14. d4 Qf6 15. b5
Ne7 16. dxe5 dxe5 17. Nfxe5 axb5 18. axb5 Bxe3 19. Rxa8 Bc5 20. Rxc8 Nxc8 21.
Nd7 Qg5 22. Qf3 Be7 23. Nxf8 Bxf8 24. g3 Ne6 25. Qf5 Qxf5 26. exf5 Nc5 27. Bc2
Na7 28. Rb1 b6 29. Nd2 Nc8 30. Ne4 Nb7 31. Kg2 Na5 32. Rd1 Nd6 33. Nxd6 Bxd6
34. Be4 Kf8 35. Bd5 Ke7 36. Kf3 Kf6 37. Ke4 Bc5 38. f4 Be7 39. Rg1 Bc5 40. Rg2
h5 41. h3 Bd6 42. g4 hxg4 43. hxg4 Ke7 44. g5 Ba3 45. Rh2 f6 46. Rh8 fxg5 47.
fxg5 Bb2 48. Rh3 Ba3 49. Rh7 1-0

[Event "XVIII C.to Italiano UISP A"]
[Site "Montecatini Terme ITA"]
[Date "1997.12.??"]
[Round "7"]
[White "Sedina, Elena"]
[Black "Sarno, Spartaco"]
[Result "1/2-1/2"]
[WhiteElo "2400"]
[BlackElo "2400"]
[PlyCount "27"]
[EventDate "1997.12.04"]

1. e4 c5 2. Nf3 e6 3. d4 cxd4 4. Nxd4 Nc6 5. Nb5 d6 6. c4 Nf6 7. N1c3 a6 8. Na3
Be7 9. Be2 O-O 10. O-O b6 11. Be3 Bb7 12. Qb3 Nd7 13. Rfd1 Qc7 14. Rac1 1/2-1/2

[Event "XVIII C.to Italiano UISP A"]
[Site "Montecatini Terme ITA"]
[Date "1997.12.??"]
[Round "7"]
[White "Tassi, Oliviero"]
[Black "Corvi, Marco"]
[Result "1/2-1/2"]
[WhiteElo "2305"]
[BlackElo "2260"]
[PlyCount "31"]
[EventDate "1997.12.04"]

1. Nf3 f5 2. b3 Nf6 3. Bb2 d6 4. d4 c6 5. e3 g6 6. Be2 Bg7 7. O-O O-O 8. c4 h6
9. Nbd2 Be6 10. Qc2 d5 11. Ne5 Qe8 12. f3 Nbd7 13. Nxd7 Qxd7 14. b4 Kh8 15. Nb3
Bg8 16. c5 1/2-1/2

[Event "XVIII C.to Italiano UISP A"]
[Site "Montecatini Terme ITA"]
[Date "1997.12.??"]
[Round "7"]
[White "Tencati, Giuseppe"]
[Black "Ragonese, Lucio Rosario"]
[Result "1-0"]
[WhiteElo "2035"]
[BlackElo "2060"]
[PlyCount "77"]
[EventDate "1997.12.04"]

1. d4 d5 2. Nf3 c6 3. c4 Nf6 4. Nc3 dxc4 5. a4 Bf5 6. e3 e6 7. Bxc4 Nbd7 8. O-O
Qc7 9. Re1 Ne4 10. Nxe4 Bxe4 11. Ng5 Bg6 12. e4 Bb4 13. Bd2 Qa5 14. Bxb4 Qxb4
15. Qb3 Qxb3 16. Bxb3 O-O 17. Nf3 Nf6 18. Bc2 Rfd8 19. Rad1 Kf8 20. Ne5 Nd7 21.
Nd3 Rac8 22. b4 Nb6 23. Ne5 Rc7 24. f3 Nd7 25. Nd3 Nb6 26. Nf4 Rcd7 27. a5 Nc4
28. Ne2 Ne3 29. Rc1 f6 30. Nf4 Nxc2 31. Rxc2 Ke7 32. a6 Rxd4 33. axb7 Rxb4 34.
Rxc6 Rxb7 35. Rxe6+ Kd7 36. Rd1+ Kc8 37. Rc6+ Rc7 38. Rxc7+ Kxc7 39. Ne6+ 1-0

[Event "XVIII C.to Italiano UISP A"]
[Site "Montecatini Terme ITA"]
[Date "1997.12.??"]
[Round "7"]
[White "Unterthurner, Hans"]
[Black "Del Dotto, Riccardo"]
[Result "1/2-1/2"]
[WhiteElo "1863"]
[BlackElo "1989"]
[PlyCount "38"]
[EventDate "1997.12.04"]

1. e4 e5 2. Nf3 Nf6 3. Nxe5 d6 4. Nf3 Nxe4 5. d3 Nf6 6. d4 d5 7. Bd3 Bd6 8. O-O
O-O 9. Bg5 Bg4 10. Re1 Nbd7 11. Nbd2 c6 12. c3 Qe7 13. Qc2 Rfe8 14. Bh4 Bh5 15.
Bg3 Bxg3 16. hxg3 Bg6 17. Nh4 Bxd3 18. Qxd3 g6 19. Nhf3 Qd6 1/2-1/2

[Event "XVIII C.to Italiano UISP A"]
[Site "Montecatini Terme ITA"]
[Date "1997.12.??"]
[Round "8"]
[White "Pastres, Roberto"]
[Black "Mariotti, Sergio"]
[Result "1/2-1/2"]
[WhiteElo "2195"]
[BlackElo "2395"]
[PlyCount "76"]
[EventDate "1997.12.04"]

1. e4 c5 2. Nf3 d6 3. d4 cxd4 4. Nxd4 Nf6 5. Nc3 a6 6. Be3 e5 7. Nb3 Be7 8. f3
Be6 9. g4 Nbd7 10. Qd2 Rc8 11. O-O-O Qc7 12. Qf2 h6 13. h4 b5 14. Bh3 g6 15. g5
hxg5 16. Bxe6 fxe6 17. Rdg1 b4 18. Nd1 a5 19. Kb1 a4 20. Nc1 g4 21. Rh2 Qb7 22.
Qg2 Nf8 23. Nf2 gxf3 24. Qxf3 Rh7 25. Ng4 Nxe4 26. Rf1 Rc4 27. Ka1 Qc6 28. Bh6
Nd7 29. h5 gxh5 30. Rxh5 Kd8 31. Rh2 Rxc2 32. Rxc2 Qxc2 33. Nd3 Qc4 34. Rc1 Qd5
35. Be3 Ndc5 36. Ndf2 Qb7 37. Nxe4 Qxe4 38. Qe2 Nd3 1/2-1/2

[Event "XVIII C.to Italiano UISP A"]
[Site "Montecatini Terme ITA"]
[Date "1997.12.??"]
[Round "9"]
[White "Zucconi, Leandro"]
[Black "Leoncini, Mario"]
[Result "1/2-1/2"]
[WhiteElo "2140"]
[BlackElo "2180"]
[PlyCount "34"]
[EventDate "1997.12.04"]

1. d4 d5 2. Nf3 Nf6 3. c4 e6 4. Nc3 Be7 5. Bg5 O-O 6. e3 h6 7. Bxf6 Bxf6 8. Rc1
c6 9. Bd3 Nd7 10. O-O b6 11. Re1 dxc4 12. Bxc4 c5 13. d5 exd5 14. Qxd5 Rb8 15.
Red1 Bxc3 16. Rxc3 Qe7 17. Rc2 b5 1/2-1/2

[Event "IX Festival A"]
[Site "Lucca ITA"]
[Date "1997.10.??"]
[Round "?"]
[White "Beggi, Pierluigi"]
[Black "Jurkovic, Ante"]
[Result "1-0"]
[WhiteElo "2195"]
[BlackElo "2335"]
[PlyCount "66"]
[EventDate "1997.10.18"]

1. Nf3 Nf6 2. d4 g6 3. Bf4 Bg7 4. e3 O-O 5. h3 c5 6. c3 d6 7. Bc4 Nc6 8. O-O
Qe8 9. d5 Na5 10. Be2 b5 11. Na3 a6 12. Rb1 Bf5 13. Rc1 Be4 14. c4 bxc4 15.
Nxc4 Nxc4 16. Bxc4 Nh5 17. Ng5 Bf5 18. g4 h6 19. gxf5 hxg5 20. Bxg5 f6 21. Bh4
gxf5 22. Be2 Qg6+ 23. Kh2 Nf4 24. exf4 Qh7 25. Bg3 Kh8 26. Bd3 Rab8 27. Qc2 Qg8
28. Qe2 Qh7 29. b3 Rg8 30. Qe6 Bh6 31. Qxf5 Qf7 32. Rc4 a5 33. Re4 Rg7 1-0

[Event "IX Festival A"]
[Site "Lucca ITA"]
[Date "1997.10.??"]
[Round "?"]
[White "Bibbiani, Piero"]
[Black "Beggi, Pierluigi"]
[Result "1/2-1/2"]
[WhiteElo "1573"]
[BlackElo "2195"]
[PlyCount "97"]
[EventDate "1997.10.18"]

1. e4 c5 2. d4 e6 3. Nf3 b6 4. d5 Nf6 5. Nc3 d6 6. Bb5+ Bd7 7. dxe6 fxe6 8. e5
dxe5 9. Nxe5 Be7 10. Qf3 Bxb5 11. Qxa8 Ba6 12. Nc6 Nxc6 13. Qxc6+ Kf7 14. Qf3
Qc7 15. Bd2 Re8 16. O-O-O Bb7 17. Qh3 Qc6 18. Rhe1 b5 19. f3 Qa6 20. Kb1 b4 21.
Ne4 Bd5 22. b3 c4 23. Ng5+ Kg8 24. Nxe6 cxb3 25. axb3 Rc8 26. Nd4 Bf8 27. Qf5
Qb7 28. Qd3 Bf7 29. Qb5 Qc7 30. Rc1 Rb8 31. Qg5 h6 32. Qf5 Qd6 33. Bf4 Qxd4 34.
Bxb8 Nd5 35. Be5 Nc3+ 36. Ka1 Qc5 37. Kb2 a5 38. Qd3 a4 39. Bxc3 bxc3+ 40. Kb1
g6 41. Re4 Qa3 42. Qxc3 Bg7 43. Qxg7+ Kxg7 44. Rxa4 Qd6 45. Kb2 Qxh2 46. Rg4
Qe5+ 47. c3 h5 48. Re4 Qb5 49. c4 1/2-1/2

[Event "IX Festival A"]
[Site "Lucca ITA"]
[Date "1997.10.??"]
[Round "?"]
[White "Cassai, Mario"]
[Black "Venturelli, Roberto"]
[Result "1/2-1/2"]
[WhiteElo "1747"]
[BlackElo "1809"]
[PlyCount "25"]
[EventDate "1997.10.18"]

1. d4 Nf6 2. Nc3 d5 3. Bg5 Nbd7 4. Nf3 e6 5. e4 dxe4 6. Nxe4 Be7 7. Nxf6+ Nxf6
8. Bd3 h6 9. Bf4 O-O 10. Qd2 c5 11. Bxh6 gxh6 12. Qxh6 c4 13. Qg5+ 1/2-1/2

[Event "IX Festival A"]
[Site "Lucca ITA"]
[Date "1997.10.??"]
[Round "?"]
[White "Jurkovic, Ante"]
[Black "Masha, Rexhep"]
[Result "1-0"]
[WhiteElo "2335"]
[BlackElo "1767"]
[PlyCount "47"]
[EventDate "1997.10.18"]

1. e4 c5 2. Nf3 Nc6 3. d4 cxd4 4. Nxd4 Nxd4 5. Qxd4 e6 6. Nc3 a6 7. Be3 Ne7 8.
Qb6 Qxb6 9. Bxb6 Nc6 10. O-O-O Bb4 11. Na4 Ba5 12. Be2 Rb8 13. Rd6 Bb4 14. Nc5
Bxc5 15. Bxc5 b6 16. Be3 O-O 17. Rhd1 f5 18. exf5 Rxf5 19. Bf3 b5 20. Be4 Rf7
21. Bc5 Ne5 22. Rxe6 Ng6 23. Re8+ Nf8 24. Bd5 1-0

[Event "IX Festival A"]
[Site "Lucca ITA"]
[Date "1997.10.??"]
[Round "?"]
[White "Mola, Pietro"]
[Black "Paolinelli, Andrea"]
[Result "1/2-1/2"]
[WhiteElo "2190"]
[BlackElo "1741"]
[PlyCount "78"]
[EventDate "1997.10.18"]

1. d4 Nf6 2. Nf3 c5 3. d5 e6 4. c4 exd5 5. cxd5 d6 6. Nc3 g6 7. h3 Bg7 8. e4
O-O 9. Bd3 Re8 10. O-O c4 11. Bxc4 Nxe4 12. Nxe4 Rxe4 13. Bd3 Re8 14. Bg5 Qb6
15. Re1 Bd7 16. Qd2 Na6 17. Be3 Qxb2 18. Qxb2 Bxb2 19. Rab1 Nb4 20. Bc4 Ba3 21.
Bd2 Rxe1+ 22. Nxe1 b5 23. Bxb5 Bxb5 24. Bxb4 Bxb4 25. Rxb4 Ba6 26. Nc2 Re8 27.
Ne3 Re7 28. Kh2 Kg7 29. Kg3 h5 30. Kf4 Rb7 31. Ra4 Bb5 32. Ra5 Bd3 33. Ra3 Be2
34. Ra4 Bb5 35. Rd4 Be2 36. a3 Kf6 37. h4 Rb3 38. Ra4 a6 39. Nc2 Rb2 1/2-1/2